| 000 | 00474nam a22001457a 4500 | ||
|---|---|---|---|
| 082 | _a621.39 | ||
| 100 | _aAhsan, Muhammad | ||
| 245 |
_aDaily Sound Recognition for Elderly People using Ensemble Methods / _cMuhammad Ahsan |
||
| 260 |
_aIslamabad : _bCEME - NUST, _c2015. |
||
| 300 |
_a50 p. ; _c30cm. |
||
| 650 |
_aComputer Engineering-MS-Thesis _916083 |
||
| 700 |
_aDr. Arslan Shaukat _929336 |
||
| 942 |
_2ddc _cTHE |
||
| 999 |
_c536493 _d536493 |
||